|
|
|
|
| LEADER |
00000naa2a2200000 4500 |
| 001 |
609638 |
| 005 |
20260324161059.0 |
| 035 |
|
|
|a (RuTPU)RU\TPU\conf\7133
|
| 035 |
|
|
|a RU\TPU\conf\7131
|
| 090 |
|
|
|a 609638
|
| 100 |
|
|
|a 20141124d2014 k y0rusy50 ca
|
| 101 |
0 |
|
|a rus
|
| 102 |
|
|
|a RU
|
| 135 |
|
|
|a drcn ---uucaa
|
| 181 |
|
0 |
|a i
|
| 182 |
|
0 |
|a b
|
| 200 |
1 |
|
|a Математическая модель преобразователя напряжения для бифуркационного анализа его динамики
|f В. А. Русскин, С. Г. Михальченко
|
| 203 |
|
|
|a Текст
|c электронный
|
| 225 |
1 |
|
|a Эффективная энергетика
|
| 300 |
|
|
|a Заглавие с титульного экрана
|
| 320 |
|
|
|a [Библиогр.: с. 210-211 (8 назв.)]
|
| 337 |
|
|
|a Adobe Reader
|
| 463 |
|
0 |
|0 (RuTPU)RU\TPU\conf\6937
|t Энергетика, электромеханика и энергоэффективные технологии глазами молодежи
|o материалы Второй российской молодежной научной школы-конференции, г.Томск, 29-31 октября 2014 г.
|f Национальный исследовательский Томский политехнический университет (ТПУ) ; Российский фонд фундаментальных исследований (РФФИ) ; ред. кол. А. С. Ивашутенко , Е. П. Богданов , Т. В. Усачева
|v [С. 207-211]
|d 2014
|
| 610 |
1 |
|
|a труды учёных ТПУ
|
| 610 |
1 |
|
|a электронный ресурс
|
| 610 |
1 |
|
|a математические модели
|
| 610 |
1 |
|
|a преобразователи напряжения
|
| 610 |
1 |
|
|a бифуркационный анализ
|
| 610 |
1 |
|
|a динамика
|
| 610 |
1 |
|
|a дифференциальные уравнения
|
| 610 |
1 |
|
|a блок-схемы
|
| 700 |
|
1 |
|a Русскин
|b В. А.
|g Виктор Александрович
|
| 701 |
|
1 |
|a Михальченко
|b С. Г.
|c специалист в области электротехники
|c профессор Томского политехнического университета, доктор технических наук
|f 1970-
|g Сергей Геннадьевич
|3 (RuTPU)RU\TPU\pers\36208
|
| 801 |
|
2 |
|a RU
|b 63413507
|c 20141124
|g RCR
|
| 801 |
|
2 |
|a RU
|b 63413507
|c 20221101
|g RCR
|
| 856 |
4 |
|
|u http://earchive.tpu.ru/handle/11683/73430
|
| 942 |
|
|
|c BK
|